| 000 | 00783nam a2200241 a 4500 | ||
|---|---|---|---|
| 008 | |||
| 020 | _a0471298328 (pbk. ) | ||
| 049 | _aMAIN | ||
| 090 | _aTJ265 INT | ||
| 245 | 0 |
_aInteractive thermodynamics v 1.5 _c to accompany fundamentals of engineering thermodynamics / _cMichael J, Morgan and Howard N. Shapiro. |
|
| 260 |
_aNew York : _bWiley, _c1999. |
||
| 300 |
_a28 p. : _bill. ; _c26 cm. + _e compact disc. |
||
| 650 | 0 |
_aThermodynamics _vProblems, exercises, etc. |
|
| 700 | 1 | _aMoran, Michael J. | |
| 700 | 1 | _aShapiro, Howard N. | |
| 700 | 1 | _aNelson, Ron M. | |
| 700 | 1 | _aMoran, Michael J. | |
| 907 |
_a.b10139928 _b05-10-16 _c15-11-04 |
||
| 003 | |||
| 005 | 20230123134442.0 | ||
| 040 | _cNUST | ||
| 942 |
_cBOOKS _kTJ265 INT |
||
| 999 |
_c166152 _d166152 |
||